Score 0/31 Timer 10:00
0 Plays Today
Main Power Character % Correct
TNT explosion if too close.Creeper
96.7%
Bow and Arrow.Skeleton
89.6%
A very annoying, 8-legged mob that always kills you unless you have a sword.Spider
88.2%
The mob who spawns the most, and is the most popular mob on Minecraft.Zombie
87.2%
Always sad, but when hit it screams and spits fireballs.Ghast
83.9%
3 different variable sizes, and does do damage when jumping.Slime
80.6%
Snorts, and can pick up raw or cooked porkchop.Pig
80.1%
In the dog family, always is lovable unless you hit it.Wolf
77.7%
Always moos and you can pick up leather.Cow
77.3%
The tall mob who teleports.Enderman
76.8%
Very sly and sneaky, and is very annoying. Very small as well.Silverfish
72%
Can get black or white wool when shearing or killing this mob.Sheep
71.1%
The largest mob in Minecraft when you are ready to complete the game.Ender Dragon
69.7%
Only ocean habitat, and can pick up an ink sac after killing.Squid
68.7%
The people who always trade you Emeralds or other items for Wheat, etc..Villager
68.7%
Flaming mob of death, when hit it shoots fire.Blaze
66.8%
Main Power Character % Correct
The spider that you can only find in caves and underground.Cave Spider
66.4%
A cow, but now upgraded with mushrooms!Mooshroom
64.5%
The small 'Gobble, Gobble' mob that Notch and Mojang don't declare if it is a duck or something else... Chicken
64.5%
The small little flying winged (bat) Bat
64.5%
Has red eyes, and hates any mob when spawned with Iron.Iron Golem
63%
The small little cat family runner that only spawns in the jungle or forest biome.Ocelot
63%
The flame version of the Slime.Magma Cube
56.9%
A little snowman.Snow Golem
55.5%
Known for crashing computers, and having bright white eyes.Herobrine
52.6%
The black version of the skeleton.Wither Skeleton
52.1%
A skeleton riding on a spider.Spider Jockey
51.2%
Has a gold sword, lives in the Nether, and is half pig and half zombie.Zombie Pigmen
46.9%
The villager, but now alot more mean, and psychotic.Witch
36%
The zombie version of the villager.Villager Zombie
26.1%
The other boss that has 3 heads.Wither Boss
23.7%
Remove Ads.
Support Sporcle.
Get the best of Sporcle when you Go Orange. This ad-free experience offers more features, more stats, and more fun while also helping to support Sporcle. Thank you for becoming a member.

You're not logged in!

Compare scores with friends on all Sporcle quizzes.
OR
Log In

Show Comments

Extras

Top Quizzes Today


Score Distribution

Your Account Isn't Verified!

In order to create a playlist on Sporcle, you need to verify the email address you used during registration. Go to your Sporcle Settings to finish the process.

Report this User

Report this user for behavior that violates our Community Guidelines.

Details: